(29) - 50 villes les plus peuplées du Finistère (29) - Statistiques

Statistiques générales
  • Ce quiz a été pris 28 fois
  • Le résultat moyen est 20 sur 50
Statistiques - réponses
nombre d'habitant ville % Correct
142 346 Brest
100%
64 385 Quimper
100%
20 845 Concarneau
96%
16 363 Landerneau
92%
14 068 Douarnenez
84%
15 194 Morlaix
84%
12 469 Quimperlé
68%
15 538 Guipavas
64%
7 412 Carhaix-Plouguer
60%
13 434 Plougastel-Daoulas
60%
7 499 Crozon
56%
9 426 Landivisiau
56%
8 484 Pont-l'Abbé
56%
7 550 Rosporden
56%
5 085 Châteaulin
48%
10 436 Fouesnant
44%
8 606 Ergué-Gabéric
40%
6 941 Saint-Pol-de-Léon
40%
5 816 Briec
36%
11 897 Le Relecq-Kerhuon
36%
5 508 Penmarch
36%
4 376 Riec-sur-Bélon
36%
5 178 Scaër
36%
5 725 Bannalec
32%
8 268 Guilers
32%
5 130 Locmaria-Plouzané
32%
6 522 Ploudalmézeau
32%
13 567 Plouzané
32%
8 577 Saint-Renan
32%
7 566 Lesneven
28%
4 773 Saint-Martin-des-Champs
28%
7 148 Trégunc
28%
5 709 Lannilis
24%
8 686 Plabennec
24%
4 548 Plourin-lès-Morlaix
24%
4 708 Clohars-Carnoët
20%
6 501 Gouesnou
20%
6 749 Moëlan-sur-Mer
20%
4 239 Plomelin
20%
6 755 Plouguerneau
20%
4 075 Loctudy
16%
4 816 Milizac-Guipronvel
16%
6 452 Plonéour-Lanvern
16%
5 014 Plouigneau
16%
4 223 Pluguffan
16%
4 265 Combrit
12%
4 029 Plouarzel
12%
4 521 Plougonvelin
12%
3 959 Loperhet
8%
3 968 Plouvien
8%
Aucun quiz correspondant
Distribution des résultats
% des personnes avec chaque résultat
Percentile par nombre de réponses
Votre historique - résultats
Vous n’avez pas pris ce quiz